000 00671nam a2200217 a 4500
001 000013571
005 20200929163256.0
008 091125s1967 sp 000 f spa d
040 _aDO-SdBNP
_bspa
_cBNPHU
082 _aM863.4
_bS939u, 1967
100 1 _aSuárez Carreño, José,
_d1915-2002
_930948
245 1 4 _aLas últimas horas /
_cJosé Suárez Carreño.
250 _a4a ed.
260 _aBarcelona :
_bDestino,
_c1967.
300 _a298 p. ;
_c18 cm.
490 1 _aÁncora y delfín
_v52
586 _aPremio Eugenio Nadal 1949.
650 4 _aNovela mexicana
_93959
650 4 _aLiteratura mexicana
_ySIGLO XX
_99216
830 0 _aÁncora y delfín ;
_v52
_94704
999 _c13192
_d13192